| 000 | 00646nam a2200193 a 4500 | ||
|---|---|---|---|
| 001 | 000033187 | ||
| 005 | 20251126130823.0 | ||
| 008 | 110818s1974 dr a 000 0 spa d | ||
| 040 |
_aDO-SdBNP _bspa _cBNPHU |
||
| 082 |
_a320.531 _bC933s |
||
| 245 | 0 | 0 | _aCristianismo y socialismo. |
| 260 |
_aSanto Domingo : _bEdiciones Fe y Revolución, _c1974. |
||
| 300 |
_a60 p. : _bil. ; _c23 cm. |
||
| 590 | _aPerteneció a la biblioteca personal de Juan Isidro Jimenes Grullón | ||
| 590 | _aInventariado, 2018/ YL | ||
| 650 | 0 |
_aSocialismo cristiano _9989 |
|
| 650 | 4 |
_aSocialismo e iglesia católica _958826 |
|
| 910 | _aValidado. Control de calidad MFF | ||
| 999 |
_c32678 _d32678 |
||